[Event "E World Chess Championship 2021"]
[Site "FIDE"]
[Date "2021.11.28"]
[Round "3"]
[White "Nepomniachtchi, Ian"]
[Black "Carlsen, Magnus"]
[Result "1/2-1/2"]
[WhiteElo "2782"]
[BlackElo "2855"]
[EventDate "2021.??.??"]
[Annotator "samsh"]
[PlyCount "81"]
[Beauty "6118315131913"]
[EventType "match"]
[EventRounds "9"]
[EventCountry "FID"]

1.e4 {Game 3 saw another draw. I was curious who would be the first to deviate from game one, where Magnus voluntarily went for a pawn-down endgame with some compensation. It turned out to be Nepo—I suspect his team checked it closely and decided Black should be holding on and decided to go a different direction.} 1...e5 2.Nf3 Nc6 3.Bb5 a6 4.Ba4 Nf6 5.O-O Be7 6.Re1 b5 7.Bb3 O-O 8.a4 ( 8.h3 {This was seen in game one, when Magnus chose the very unusual response} 8...Na5 {which eventually reached a pawn-down ending. I felt White should be better, but Magnus seemed very at-home and never had any trouble.} ) 8...Bb7 {Magnus has chosen this move several times before, so it can't have come as a huge surprise.} 9.d3 d6 10.Nbd2 Re8 11.Nf1 h6 12.Bd2 {So far, both players are following well-established theory. This position has seen play at the top level as far back as the early 2000s.} 12...Bf8 13.Ne3 Ne7 14.c4 bxc4 ( 14...c6 {This has generally been preferred in ICCF, though it looks a bit passive to me. I like Magnus' choice better.} ) 15.Nxc4 Nc6 $146 {Finally, at long last, we are in fresh territory. In general, White's position looks a little more pleasant to me, though I don't love that the pawn on a4 looks a little overextended. Magnus was still playing pretty fast and was very likely still in his preparation, so he must have been more optimistic about his chances than the computers would indicate. When I let them run for awhile, they definitely gravitated towards equality.} 16.Rc1 {The machine gives this as best, but in light of how the game played out, Nepo could have considered another option.} ( 16.Na5 {Hindsight is 20/20, but I think not letting Black advance a7-a5 had to be considered. It means White will have fewer weaknesses on the b-file in the long run, and the a6-pawn is fixed. After something like} 16...Nxa5 17.Bxa5 Qd7 18.h3 {I'm not sure I love Black's position, but it is still very solid.} ) 16...a5 $1 {This was the first move Magnus spent a fair amount of time on, which is a little surprising to me. His last moves were played fast enough that I would think he was still in preparation, but Rc1 is the first choice of the machine! It would be really weird if Magnus had prepared to up to 15...Nc6 and then stopped. Perhaps he was just trying to recall all the lines. In any case, Black takes the a5 square under his control and is ready to re-route his bishop to e6 next. It has to be said that Stockfish is giving White a nagging edge, but it never looked like much during the game. Thus far, Magnus has clearly shown a willingness to enter lines the computer doesn't entirely approve of. I like the fighting spirit!} 17.Bc3 Bc8 $1 {The bishop had no good future on b7 and instead heads for e6 to head off the monster on b3.} 18.d4 exd4 19.Nxd4 Nxd4 20.Qxd4 Be6 {Optically, the position looks very nice for White, but there's nothing concrete for him to do. Black is ready to push d7-d5 next, and then the structure will not be as bad for him as it looks. The overextended a4 pawn weakens the b-file, particularly the b2-pawn, and White will have just as many weaknesses as Black.} 21.h3 ( 21.Nxa5 $2 {White cannot get away with going pawn grabbing. After} 21...c5 $1 22.Qd2 Bxb3 {White is losing his pawn back at the very least, and he could end up in serious trouble as Black's pieces spring to life.} ) ( 21.Qd3 {At high depths, this is my machine's recommendation. Still, it does not look impressive. After} 21...d5 22.exd5 Nxd5 $1 {Black can aim for a pawn-down endgame with a lot of activity—much like he did in game one.} 23.Bxa5 Nb4 24.Qxd8 Raxd8 {The threat of Nd3 more or less forces White to part with the bishop pair.} 25.Bxb4 Bxb4 26.Re4 Rb8 $5 $11 {The weaknesses on the b-file make themselves felt, and Black is ready to regoup with Be7-f6 and Rb4. He should be fine.} ) ( 21.Bc2 {This was also possible immediately, but it would have met a similar fate as the game continuation.} 21...d5 $1 22.e5 dxc4 23.Qxd8 Rexd8 24.exf6 {We would reach approximately the same ending we saw in the game.} ) 21...c6 22.Bc2 {Now, if White had another move, he could play Qd2-d3, threatening to take on f6 and play e5. This would be a nightmare to deal with, but Magnus is not one to miss threats.} 22...d5 $1 ( 22...Qc7 {A slow move like this one would allow White to reveal his plan. After} 23.Qd3 $1 $16 {Bxf6 is a very hard threat to deal with.} ) 23.e5 ( 23.exd5 Nxd5 $11 {Black is ready to bring the knight to b4 next, taking advantage of the weakened square. He certainly looks fine to me. He could also consider just taking on c3 and c4 to reach an opposite-bishops position.} ) 23...dxc4 24.Qxd8 Rexd8 25.exf6 {Black has to be a little careful here due to his pawn structure, but Magnus held without trouble.} 25...Bb4 26.fxg7 Bxc3 27.bxc3 Kxg7 28.Kf1 {The best White can hope for is to trade all the rooks, but as we see in the game, this does not gaurantee victory.} 28...Rab8 29.Rb1 Kf6 30.Rxb8 Rxb8 31.Rb1 Rxb1+ $1 {Full credit to Magnus for calling the bluff. This strikes me as a somewhat difficult move to make since it gets one step closer to a lost pawn-ending, but White is unable to get the bishops off the board or make any progress.} ( 31...Rd8 {I was expecting this in the game, which probably also holds, but the text is surely cleaner.} ) 32.Bxb1 Ke5 33.Ke2 f5 $1 {The last important move. Black needs to get his pawn to f4 to keep his king secure in the center and box White's king out.} ( 33...Bd7 {Marking time for a move is not to be recommended. After} 34.Ke3 {My computer claims this is still a draw, but I would definitely worry about b4, g4, Kf3, h4, etc. when White can make a passed pawn.} ) 34.Bc2 f4 $1 {White can make no progress. g3 is never possible due to the hanging h3 pawn, the king cannot touch f3 without allowing a check on d5, and there is nothing else to try.} 35.Bb1 c5 36.Bc2 Bd7 37.f3 Kf6 38.h4 Ke5 39.Kf2 Kf6 40.Ke2 Ke5 41.Kf2 {This was a pretty dull game, more consistent with the kind of chess I would have expected in games one and two, when Black normally draws without any trouble before White knows what's coming. It's a bit surprising to me that Black did not manage to equalize easily in games one and two, but then did in game three. In general, I think Magnus can be very happy with how the match is going so far. Game one looked a little shaky in the very early phases, but since then, his preparation has been excellent, and he has shown a willingness to take some strategic risks. Still, we are just getting started; only 3 games in and no decisive ones just yet. The real fight is yet to come!} 1/2-1/2

[Event "E Chess.com Grand Swiss"]
[Site "Riga"]
[Date "2021.11.01"]
[Round "6"]
[White "Dubov, Daniil"]
[Black "Saric, Ivan"]
[Result "1-0"]
[WhiteElo "2714"]
[BlackElo "2644"]
[EventDate "2021.??.??"]
[Annotator "Bojkov,Dejan"]
[PlyCount "83"]
[Beauty "7561289933859"]
[EventType "team-tourn"]
[EventCountry "LAT"]

1.e4 c5 2.Nf3 d6 3.Bb5+ Nd7 4.O-O a6 5.Bd3 {Dubov gave this line a try earlier this year, and this was certainly noticed by Saric.} 5...Ngf6 6.c3 ( {The calmer continuation is} 6.Re1 e6 7.c3 Be7 8.Bc2 b5 9.d4 Bb7 10.Nbd2 Qc7 11.Nf1 O-O 12.Bg5 h6 13.Bd2 Rfc8 14.Rc1 Qb6 15.Ng3 cxd4 16.cxd4 b4 {as in Svidler,P (2714)-Shankland,S (2709) World Cup 2021} ) 6...b5 7.a4 Bb7 8.axb5 axb5 9.Rxa8 Qxa8 10.Na3 $5 {Trademark Dubov. All of this has been player earlier and White's last move initiates super-sharp complications.} ( {The obvious capture} 10.Bxb5 {is still the main line, but the impression is that it has been more or less exhausted with this game:} 10...Bxe4 11.d4 Bxb1 12.dxc5 Be4 13.Re1 e6 14.Rxe4 Qxe4 15.c6 Be7 16.Nd2 Qd5 17.cxd7+ Nxd7 18.Qa4 Qb7 19.Bc6 Qc7 20.Nc4 d5 21.Ne5 Qxe5 22.Bxd7+ Kd8 23.Qa8+ Kxd7 24.Qa4+ Kd8 25.Qa8+ Kd7 26.Qa4+ Kd8 27.Qa8+ Kd7 {1/2-1/2 Harikrishna,P (2732)-Vachier Lagrave,M (2784) Online 2020} ) 10...b4 {Surprisingly, this was played after a deep thought.} ( {Could Saric have missed Dubov's earlier encounter? It went} 10...Bxe4 11.Bxe4 Nxe4 12.Nxb5 Qb7 13.c4 e6 14.d3 Nef6 15.d4 {and Black later held in Dubov,D (2702)-Vachier Lagrave,M (2784) Online 2021} ) 11.Nb5 Qa5 12.cxb4 $146 {A novelty. Speed, give me what I need...} ( {The following game led White nowhere after} 12.Qe2 e5 13.Bc2 Bc6 14.c4 Be7 15.Nh4 g6 16.f4 Nh5 17.fxe5 Bxb5 18.cxb5 Bxh4 {Pogany,Z (2259)-Papadiamandis,E (2333) Budapest 2021} ) 12...cxb4 {Saric also saves tempi.} ( {For} 12...Qxb4 13.b3 Nxe4 14.Bb2 {speeds up White's development.} ) 13.Bc4 {Time for sacrifices.} 13...Nxe4 14.d3 d5 15.Bf4 {That was what White wanted: almost all his pieces are out, whereas the black king is still in the center.} 15...e5 $1 {Without a blink. That is the proper way to accept the sacrifice.} ( {After} 15...dxc4 16.Nc7+ Kd8 17.dxe4 Kc8 18.Nd5 {the black king would be left on the wrong wing, completely deprived of any pawn cover.} ) 16.Nxe5 dxc4 17.dxc4 {Dubov lost the piece but opened wide the gates towards Black's most precious piece.} ( {Certainly not} 17.dxe4 $2 Qxb5 ) 17...Nxe5 {And Saric sensibly initiates further trades.} ( {The fearless machine claims that Black can be greedy with} 17...Qd8 $1 {for instance} 18.Nxd7 ( {Or} 18.Qh5 Nxe5 19.Qxe5+ Be7 20.Qxg7 Bf6 ) ( {Finally, after} 18.Qe2 Nxe5 19.Bxe5 {Black can develop with} 19...Bc5 $1 {as if nothing happened.} ) 18...Qxd7 19.Nc7+ Kd8 20.Qh5 Kc8 {when the black king is again on the wrong side of the board, but White is missing some attackers.} ) 18.Bxe5 Bc5 {Very natural! Saric not only develops his bishop, but creates threats too.} ( {The defense} 18...f6 {was possible too, for after} 19.Bc7 Qa6 20.Qd8+ Kf7 {The king is surprisingly well positioned, e.g.} 21.Rd1 ( {Or} 21.Bb6 Be7 $1 22.Qxh8 Qxb6 {and White is poorly coordinated.} ) 21...Qc6 $1 ) 19.Bd6 $1 {As long as the black king stays in the middle, Dubov can always count on large compensation. Not only that his Majesty may get checkmated, the black rook is as well excluded from the game.} ( {Instead} 19.Bxg7 {might lead to the opposite mate} 19...Rg8 20.Be5 Nc3 $1 21.bxc3 Rxg2+ 22.Kh1 Rxf2+ 23.Kg1 Rg2+ 24.Kh1 Rg1# ) ( {In the process, White rejects a possible draw:} 19.Qg4 Nxf2 $1 20.Qxg7 ( 20.Rxf2 Qa1+ ) 20...Nh3+ 21.Kh1 Nf2+ {with a perpetual.} ) 19...Bxd6 {Saric risks in return and keeps the piece.} ( {Here too} 19...Bxf2+ {was possible, albeit far more dangerous for Black from the line above. Then} 20.Rxf2 Nxf2 21.Kxf2 Qb6+ 22.c5 {looks scary for Black at a glance, but eventually it should peter out to a draw:} 22...Qc6 ( {And the line} 22...Qxb5 23.Qe1+ Kd7 24.Qe7+ Kc6 25.Qc7+ Kd5 26.Qxf7+ Kc6 27.Qf3+ {leads to a perpetual check.} ) 23.Qg4 Qxb5 24.Qxg7 Qd3 25.Qxh8+ Kd7 26.Qe5 Qc2+ $11 {and a draw.} ) 20.Nxd6+ Nxd6 21.Qxd6 Bc8 22.Re1+ Be6 23.Rd1 ( 23.f4 g6 {seems to help Black.} ) 23...Qa8 24.c5 {All of this was pretty forcing and Black's position seems extremely unpleasant. Dubov has two obvious plans: to either advance his passer, or bring his rook close to the back ranks, whereas Saric needs to find a way to let his rook out. Urgently.} 24...Qc8 25.c6 $1 ( {White too, has to be careful:} 25.Rd4 f6 $1 26.Rxb4 Kf7 {and as the b7 square is defended, Black is out of any imminent danger.} ) 25...h5 $1 {The only move!} ( {After} 25...f6 26.Ra1 $1 {the king would not run too far away:} 26...Kf7 27.Ra7+ Kg6 28.Qg3+ ) ( {Whereas} 25...g6 26.Rd4 {followed by the rook infiltration on b8 should end Black's resistance.} ) 26.Re1 $1 {Freeze!} ( {As if} 26.Rd4 Rh6 27.Rxb4 Bf5 $1 {Black would not only be in time to defend, but will even be able to win.} ) 26...Rh6 27.Re5 Qd8 {In order to deal with the queen once and for all.} ( 27...b3 $5 {to keep this pawn alive also made a lot of sense. Then the likely continuation} 28.h4 Qd8 29.Qc5 {would lead to a much improved version of the game for Saric with} 29...Qc7 ) 28.Qxb4 Qc7 29.Qc5 Qe7 {The human move.} ( {The machine finds the following interesting counterplay:} 29...h4 $5 30.h3 ( 30.b4 h3 31.b5 Rg6 32.g3 Qd8 ) 30...g6 31.b4 {And now the point is} 31...Rh5 $3 32.Rxh5 gxh5 33.b5 Qa5 {with a likely perpetual to follow.} ) 30.Qc3 Qc7 31.b4 Ke7 {The king is out, while the white passers march forward.} 32.b5 Rh8 33.Qg3 {Setting up a trap.} ( {However, stronger was to defend the back rank in advance with} 33.Re1 $1 {with the idea to meet} 33...Rd8 {with} 34.Qc5+ ( {Worse is} 34.Qxg7 Rd5 $1 ) 34...Qd6 35.Qg5+ Kf8 36.b6 $1 ) 33...Rd8 $1 {Saric ignores the threat and creates an even stronger one!} 34.h4 ( {As the back-rank is weak in case of the greedy} 34.Rxe6+ $4 Kxe6 $1 35.Qxc7 Rd1# ) 34...Kf8 {And, just when everything seemed finally save for Saric, he relaxed a move too early, and this led to a disaster.} ( {The neatest way to the draw was} 34...Rd1+ 35.Kh2 Qd6 36.Qxg7 Rd5 37.f4 Rxe5 38.fxe5 Qc5 39.Qh8 Qf2 40.Qxh5 Qf4+ {and a perpetual is inevitable.} ) 35.Rxe6 $1 {That is it, White needs to swap the queens, nothing more, and nothing less. So far he was only trying to keep them alive to mate the opponent.} 35...Qxg3 ( {Nothing changes} 35...Rd1+ 36.Kh2 Qxg3+ 37.Kxg3 fxe6 38.b6 ) 36.fxg3 fxe6 37.c7 {The pawns advanced far enough not to need anyone's support.} 37...Ke7 38.cxd8=Q+ Kxd8 39.Kf2 Kc7 40.Ke3 Kb6 41.Kd4 Kxb5 42.Ke5 1-0

[Event "E Chess.com Grand Swiss"]
[Site "Riga"]
[Date "2021.11.03"]
[Round "7.1"]
[White "Firouzja, Alireza"]
[Black "Najer, Evgeniy"]
[Result "1-0"]
[WhiteElo "2770"]
[BlackElo "2654"]
[EventDate "2021.??.??"]
[Annotator "Bojkov,Dejan"]
[PlyCount "117"]
[Beauty "6460436119561"]
[EventType "team-tourn"]
[EventCountry "LAT"]

1.e4 e5 2.Nf3 Nf6 {The experienced Najer decided to tame the young talent with a solid Petroff. What's more, the last time he had played this opening was in 2004, when Firouzja was a one year old.} 3.d4 Nxe4 4.dxe5 d5 5.Nbd2 Nxd2 6.Bxd2 Be7 ( {On the other hand, Najer is an expert of this line, but as White. Here is a game of his:} 6...h6 7.b4 c5 8.Bb5+ Nc6 9.O-O Be7 10.bxc5 Bxc5 11.Rb1 O-O 12.Re1 Bg4 13.h3 Bh5 14.Bd3 {Najer,E (2648)-Andreikin,D (2726) Sochi 2020} ) 7.c3 ( 7.Bd3 c5 8.c3 {is the common move order.} ) 7...c5 8.Bd3 Nc6 9.O-O Bg4 10.Re1 {The pawn structure forces White to search for an attack on the kingside, whereas his opponent would try to keep him busy in the center.} 10...Qd7 11.h3 Bh5 12.Bf4 Qe6 {The pawn needs to be blocked. Another question is if the queen is the best piece for that purpose.} ( {The natural} 12...O-O {can be met with} 13.Qc2 Bg6 14.Bxg6 hxg6 15.Rad1 {with an advantage for White. In this line Black will always have to worry about the e5-e6 breaks. On the other hand, a solid blockade of the e-pawn will give Black a chance to recapture on g6 with the f7-pawn, thus eliminating the attack once and for all.} ) 13.Be2 $1 {Firouzja's play is very logical and straightforward. The queen is freed.} 13...O-O 14.Qd2 Bg6 {This also seems forced.} ( {For the natural} 14...Rad8 $2 15.Ng5 Bxg5 16.Bxg5 {wins material for White.} ) ( {But if Najer prepares the Ra8-d8 maneuver with} 14...h6 {then} 15.Nd4 cxd4 16.Bxh5 {wins a hefty bishop pair for White.} ) 15.Rad1 Be4 {A risky decision.} ( {However, Black cannot solve his problems with trades:} 15...d4 16.cxd4 cxd4 17.Nxd4 Nxd4 18.Qxd4 Qxa2 19.Bc4 Qa5 20.e6 $1 {and White's initiative is annoying.} ) 16.Ng5 {Still winning the bishop pair.} 16...Bxg5 17.Bxg5 d4 $146 {This is a novelty and it follows the general idea of striking in the center. However, since a lot of files and diagonals are opened, Najer has more problems to solve.} ( {In an earlier game, White preserved his advantage after} 17...h6 18.Be3 d4 19.cxd4 Rfd8 20.Qc3 Qg6 21.g3 cxd4 22.Bxd4 Qe6 23.Kh2 Rac8 24.Qe3 Bf5 25.Bc3 {So,W (2760)-Yu,Y (2738) Jerusalem 2019} ) ( {White is also significantly better in the possible endgame after} 17...Nxe5 18.f3 Bg6 19.f4 Nc6 20.Bg4 Qd6 21.Qxd5 ) 18.Bf1 ( 18.f4 $5 ) 18...Qg6 19.Qf4 {Once more, very logical and straightforward play from Firouzja who fights back in the center and proves that his pieces are better prepared for the task.} 19...Bc2 20.Rd2 Rae8 21.Bh4 Kh8 ( 21...a6 $5 {to prevent White's next idea is perhaps more accurate.} ) 22.f3 {Further limiting the bishop.} ( {As now Firouzja had the interesting resource} 22.Bb5 $5 {with a serious edge in all lines. The young GM might have worried about the liquidation into an opposite-colored bishop ending after} 22...Qf5 ( 22...dxc3 23.bxc3 ) ( 22...d3 23.Re3 ) 23.Qxf5 Bxf5 24.cxd4 cxd4 25.Bxc6 bxc6 26.Rxd4 {White is up a pawn, but the opposite-colored bishops certainly provide Black drawing chances.} ) 22...a6 23.Bf2 Rd8 24.Rc1 Bb1 ( {Or} 24...Bf5 25.cxd4 Nxd4 26.Bxd4 cxd4 27.Kh2 {and the d4-pawn is doomed.} ) 25.cxd4 Nxd4 26.Bxd4 cxd4 27.a3 Ba2 28.Rxd4 {Up to here, Firouzja has completely outplayed his opponent, but around here he rushed and almost missed the win.} ( {Both} 28.b4 ) ( {And} 28.Kh2 {were depriving Black of any chances.} ) 28...Qb6 29.Rd1 Rfe8 30.Kh2 {That is the real mistake.} ( {Instead} 30.b4 $1 {would have converted the advantage without any unpleasant surprises. In comparison to the game continuation, the line} 30...Rxd4 31.Qxd4 Qxd4+ 32.Rxd4 g5 33.Rd7 b5 34.Ra7 Rxe5 35.Rxa6 Bc4 ( 35...Bb3 36.Kf2 ) 36.Bxc4 bxc4 37.Kf2 $1 {leaves Black no chances.} ) 30...Rxd4 31.Qxd4 Qxd4 32.Rxd4 {It seems as there is no difference, but Najer has a nice resource now:} 32...g5 $3 {This quickly leads to a rook endgame, full of survival chances for the defender.} 33.Rd7 b5 34.Rd6 ( {With the king on h2, the line} 34.Ra7 Rxe5 35.Rxa6 Bc4 $1 36.Bxc4 bxc4 37.Rc6 Re2 $1 {leads White nowhere.} ) 34...Rxe5 35.Rxa6 Bc4 36.Bxc4 bxc4 37.a4 {This seems like White's best try. Firouzja wants to defend his passer sideways.} ( {Rather than} 37.Rc6 Rb5 {when the a-pawn would not make too many moves.} ) 37...Rc5 38.Rb6 c3 39.bxc3 Rxc3 40.a5 Kg7 41.a6 Ra3 {The a6-pawn is dangerous, but while bringing in the supporters White will have to part with his kingside pawns. Objectively, it is a draw.} 42.Kg3 Ra2 $1 {That forces White to abandon the pawn early.} 43.f4 gxf4+ 44.Kxf4 Rxg2 45.Ke5 Ra2 $1 46.Kd6 f5 $1 {The key resource. The f-passer is really dangerous.} ( {Not} 46...Kg6 47.Kc7+ Kg5 48.Kb7 f5 49.a7 Rxa7+ 50.Kxa7 f4 51.Rb5+ Kh4 52.Rb3 {when White wins.} ) 47.Kc7 f4 48.Kb8 f3 49.a7 f2 50.Rb1 f1=Q {But at the very final moment Najer succumbs to the pressure.} ( {Firouzja rightly pointed out that this pawn should not have been given up that easily and indeed, Black makes a draw after} 50...Kg6 $1 51.a8=Q ( {Or} 51.Rf1 Rb2+ 52.Kc7 Ra2 ) 51...Rxa8+ 52.Kxa8 Kg5 53.Rf1 Kh4 54.Rxf2 Kxh3 55.Kb7 h5 56.Kc6 Kg3 ) 51.Rxf1 Rb2+ 52.Ka8 Rb3 53.Rc1 Kg6 54.Rc7 h5 55.Rb7 {The king is out.} 55...Rxh3 56.Rb6+ Kg5 57.Kb7 Ra3 58.Ra6 Rb3+ 59.Kc7 {The king marches all the way to h7.} 1-0